Video Games That Start With H - Statistics

General Stats
  • This quiz has been taken 63 times
  • The average score is 3 of 8
Answer Stats
Hint Game % Correct
Physicist must find his way out of a secret research facility after a teleportation experiment gone wrong. Half-Life
73%
Hack and slash your way through enemies, this time in the kingdom of Hyrule. Hyrule Warriors
60%
Four people are try to solve the mystery of a serial killer who drowns his victims with extended periods of rainfall. Heavy Rain
55%
Opposing war between humans and aliens finds its way to a large ring, which can destroy all nearby life if activated. Halo: Combat Evolved
36%
Rebuild a run-down old farm and turn it into a successful one. Harvest Moon
29%
Take control of any nation during World War II and form alliances with other nations. Hearts of Iron
9%
Genetically enhanced human clone is hired to assassinate wealthy and decadent criminals. Hitman: Codename 47
4%
Use a light gun to combat the products of dangerous, inhumane experiments of a mad scientist. The House of the Dead
2%
No matching quizzes found
Score Distribution
Percent of People with Each Score
Percentile by Number Answered
Your Score History
You have not taken this quiz